000 01510cam a2200289 4500
001 ##L131767
008 051207n2005 000 0 eng u
035 _a(Sirsi) u131767
041 0 _aeng
050 0 4 _a333.72 $2 18
110 2 _aBuilding Research Establishment
240 0 0 _aSAP2005 specification
245 0 4 _aThe government's standard assessment procedure for energy rating of dwellings
250 _a2nd ed.
260 _aWatford
_bBRE
_c2005
520 _aDescribes the Standard Assessment Procedure (SAP) for assessing the energy consumption per unit floor area, an energy cost rating, an environmental impact rating (based on carbon dioxide emissions) and a Dwelling carbon dioxide Emission Rate (DER). The method of calculating the energy performance and the ratings is set out in the form of a worksheet, accompanied by a series of tables. The methodology is compliant with the energy performance of buildings directive (Directive 2002/91/EC).
590 _aIKA061205
650 2 4 _aDIRECTIVE 2002/91/EC
650 2 4 _aSTANDARD ASSESSMENT PROCEDURE (2005 EDITION)
690 _aBUILT ENVIRONMENT-BUILDING STANDARDS
710 1 _aUnited Kingdom
_bDepartment for Environment, Food and Rural Affairs
710 2 _aUnited Kingdom
_bOffice of the Deputy Prime Minister
710 2 _aScotland
_bScottish Executive
_94769
710 2 _aWales
_bNational Assembly for Wales
_94836
856 4 0 _uhttps://projects.bre.co.uk/sap2005/
_zView the specification at www.bre.co.uk...
942 _n0
999 _c104835
_d104835